| 000 | 00564nab a2200205 a 4500 | ||
|---|---|---|---|
| 005 | 20210219161930.0 | ||
| 008 | 991125s1985 mx 000 0 spa u | ||
| 035 | _aUPN01000194542 | ||
| 100 | 1 | _aTorres Falcón, Marta | |
| 100 | 1 | _umtfalcon2003@yahoo.com.mx | |
| 222 | _aALTERIDADES | ||
| 245 | _a¡Viva la familia! Un panorama de la legislación vigente en México | ||
| 260 | _aMéxico | ||
| 300 | _a41-54 | ||
| 362 | 0 | _a2009 Año 19, no. 38, jul.-dic. | |
| 653 | 0 | _aFAMILIA | |
| 653 | 0 | _aSISTEMA JURIDICO | |
| 653 | 0 | _aDIVORCIO | |
| 905 | _aArticulo | ||
| 999 |
_c166643 _d166643 |
||